ARRUPE JESUIT UNIVERSITY

CORONAVIRUS -STOP THE SPREAD - CLEAN,DISINFECT,COVER

Zimbabwe facing the truth - accepting responsibility : (Record no. 122781)

MARC details
000 -LEADER
fixed length control field 00510nam a22001457a 4500
008 - FIXED-LENGTH DATA ELEMENTS--GENERAL INFORMATION
fixed length control field 150430b xxu||||| |||| 00| 0 eng d
050 ## - LIBRARY OF CONGRESS CALL NUMBER
Classification number DT2994.W489 2008
100 ## - MAIN ENTRY--PERSONAL NAME
Personal name Wermter, Oskar.
9 (RLIN) 15199
245 ## - TITLE STATEMENT
Title Zimbabwe facing the truth - accepting responsibility :
Remainder of title the church in an environment of lawlessness
Statement of responsibility, etc /by Wermter, Oskar
260 ## - PUBLICATION, DISTRIBUTION, ETC. (IMPRINT)
Place of publication, distribution, etc Aachen
Name of publisher, distributor, etc Missio
Date of publication, distribution, etc 2008
300 ## - PHYSICAL DESCRIPTION
Extent 100p. ;
Dimensions 21cm.
440 ## - SERIES STATEMENT/ADDED ENTRY--TITLE
Title Missio
Number of part/section of a work no.29
9 (RLIN) 17605
650 ## - SUBJECT ADDED ENTRY--TOPICAL TERM
Topical term or geographic name as entry element Zimbabwe
General subdivision Politics
Chronological subdivision 1980
9 (RLIN) 17606
942 ## - ADDED ENTRY ELEMENTS (KOHA)
Source of classification or shelving scheme Library of Congress Classification
Item type Monograph ( Printed materials)
Holdings
Withdrawn status Lost status Source of classification or shelving scheme Damaged status Not for loan Collection code Home library Current library Shelving location Date acquired Total Checkouts Full call number Barcode Date last seen Date last borrowed Price effective from Koha item type
    Library of Congress Classification     Main Collection ARRUPE LIBRARY ARRUPE LIBRARY Main Collection 30/04/2015 1 DT2994.W489 2008 46500004456 07/12/2017 15/03/2016 30/04/2015 Monograph ( Printed materials)

 

Arrupe Library. PO Box MP320 Mt Pleasant, Harare, Zimbabwe
263 242 745411|librarian@aju.ac.zw